MediEVI : series of the Società Internazionale per lo Studio del Medioevo Latino

Bibliographische Detailangaben
Format: Schriftenreihe
Sprache:Italian
Veröffentlicht: Firenze : SISMEL, Ed. del Galluzzo, 2013-
Zugriff auf das übergeordnete Werk:MediEVI
LEADER 01000cas a2200265 c 4500
001 799061921
003 DE-627
005 20250924140332.0
007 tu
008 141026c20139999it z| m| 0 |0ita c
016 7 |a 1059450372  |2 DE-101 
016 7 |a 2788358-9  |2 DE-600 
035 |a (DE-627)799061921 
035 |a (DE-576)415255759 
035 |a (DE-599)ZDB2788358-9 
035 |a (OCoLC)1222488980 
040 |a DE-627  |b ger  |c DE-627  |e rakwb 
041 |a ita 
044 |c XA-IT 
082 0 4 |a 870  |q DE-600 
245 0 0 |a MediEVI  |b series of the Società Internazionale per lo Studio del Medioevo Latino 
264 3 1 |a Firenze  |b SISMEL, Ed. del Galluzzo  |c 2013- 
336 |a Text  |b txt  |2 rdacontent 
337 |a ohne Hilfsmittel zu benutzen  |b n  |2 rdamedia 
338 |a Band  |b nc  |2 rdacarrier 
362 0 |a 1.2014; 2.2013 - 
363 0 1 |a 1  |i 2014 
655 7 |a Monografische Reihe  |0 (DE-588)4179998-7  |0 (DE-627)104628669  |0 (DE-576)209995106  |2 gnd-content 
787 0 8 |i 4=6 von  |a Internationales Mittellateinerkomitee  |t Atti del ... congresso dell' "Internationales Mittellateinerkomitee"  |d Bottai [u.a.] : SISMEL, Ed. del Galluzzo, 1998  |w (DE-627)799061786  |w (DE-600)2788339-5  |w (DE-576)07245850X 
889 |w (DE-603)34844477X 
889 |w (DE-627)1871432898 
912 |a GBV_ILN_11 
912 |a ISIL_DE-1a 
912 |a SYSFLAG_1 
912 |a GBV_KXP 
912 |a GBV_ILN_22 
912 |a ISIL_DE-18 
912 |a GBV_ILN_24 
912 |a ISIL_DE-8 
912 |a GBV_ILN_24_f050 
912 |a GBV_ILN_24_f056 
912 |a GBV_ILN_40 
912 |a ISIL_DE-7 
912 |a GBV_ILN_40_i024 
912 |a GBV_ILN_40_i223 
912 |a GBV_ILN_50 
912 |a ISIL_DE-23 
912 |a GBV_ILN_65 
912 |a ISIL_DE-3 
912 |a GBV_ILN_156 
912 |a ISIL_DE-204 
912 |a GBV_ILN_179 
912 |a ISIL_DE-B4 
912 |a GBV_ILN_350 
912 |a ISIL_DE-2795 
912 |a GBV_ILN_350_ 
912 |a GBV_ILN_813 
912 |a ISIL_DE-Mue73 
912 |a GBV_ILN_2001 
912 |a ISIL_DE-21 
912 |a GBV_ILN_2002 
912 |a ISIL_DE-21-32b 
912 |a ISIL_DE-21-108 
912 |a ISIL_DE-21-45 
912 |a GBV_ILN_2003 
912 |a ISIL_DE-25 
912 |a GBV_ILN_2005 
912 |a ISIL_DE-291 
912 |a ISIL_DE-291-307 
912 |a GBV_ILN_2007 
912 |a ISIL_DE-352 
912 |a GBV_ILN_2008 
912 |a ISIL_DE-24 
912 |a GBV_ILN_2010 
912 |a ISIL_DE-15 
912 |a GBV_ILN_2011 
912 |a ISIL_DE-16 
912 |a GBV_ILN_2012 
912 |a ISIL_DE-16-98 
912 |a ISIL_DE-16-34 
912 |a GBV_ILN_2056 
912 |a ISIL_DE-2491 
935 |i sdedup20221119 
951 |a ST 
980 |2 11  |1 01  |x 0001  |b 1536906700  |y x  |z 21-04-15 
980 |2 22  |1 01  |x 0018  |b 1514047454  |y xu  |z 09-12-14 
980 |2 24  |1 01  |x 0008  |b 1538655500  |c 00  |f 8/050  |d Einzelsignaturen  |e i  |j --%%--  |c 04  |f --%%--  |d Bereich Klassisches Altertum  |e --%%--  |j --%%--  |g Bestand: Einzelbandnachweis  |h gd  |y zf050  |z 28-04-15 
980 |2 24  |1 02  |x 0008  |b 173579354X  |c 00  |f 16  |d Einzelsignaturen  |e u  |j --%%--  |g Bestand: Einzelbandnachweis  |h gs  |y zz1  |z 18-12-17 
980 |2 24  |1 03  |x 0008  |b 4877164480  |c 00  |f 8/56  |d Einzelsignaturen  |e i  |j --%%--  |g Bestand: Einzelbandnachweis  |h gs  |y zf056  |z 05-02-26 
980 |2 40  |1 01  |x 0007  |b 1848877374  |y xsn  |z 12-02-19 
980 |2 40  |1 02  |x 0007  |b 4139566140  |y xi024  |z 25-05-22 
980 |2 40  |1 03  |x 0007  |b 4180002280  |y xi223  |z 17-08-22 
980 |2 50  |1 01  |x 0023  |b 1518625118  |y x  |z 19-01-15 
980 |2 65  |1 01  |x 0003  |b 157083380X  |y x  |z 07-10-15 
980 |2 156  |1 01  |x 0204  |b 1513999990  |y x  |z 09-12-14 
980 |2 179  |1 01  |x 8306  |b 1616509473  |c 00  |f B4/556  |d --%%--  |e i  |j --%%--  |y x  |z 23-05-16 
980 |2 350  |1 01  |x 8293  |b 1661863949  |y x  |z 06-02-17 
980 |2 813  |1 01  |x 4813  |b 4419208775  |y xdbm  |z 07-11-19 
980 |2 2001  |1 01  |x DE-21  |b 2833326122  |c 00  |f --%%--  |d --%%--  |e --%%--  |j --%%--  |y l01  |z 19-02-15 
980 |2 2002  |1 01  |x DE-21-32b  |b 2942255668  |c 00  |f --%%--  |d --%%--  |e p  |j --%%--  |y l01  |z 26-10-16 
980 |2 2002  |1 12  |x DE-21-108  |b 3616346185  |c 00  |f --%%--  |d --%%--  |e p  |j l  |y l01  |z 31-03-20 
980 |2 2002  |1 23  |x DE-21-45  |b 4523164444  |c 00  |f --%%--  |d --%%--  |e p  |j --%%--  |y l01  |z 15-05-24 
980 |2 2003  |1 01  |x DE-25  |b 3849488403  |c 00  |f --%%--  |d --%%--  |e --%%--  |j --%%--  |y l01  |z 05-02-21 
980 |2 2005  |1 01  |x DE-291  |b 297307634X  |c 00  |f --%%--  |d --%%--  |e --%%--  |j --%%--  |y l01  |z 03-07-17 
980 |2 2005  |1 12  |x DE-291-307  |b 4357256704  |c 00  |f --%%--  |d --%%--  |e --%%--  |j --%%--  |y l01  |z 24-07-23 
980 |2 2007  |1 01  |x DE-352  |b 2944664557  |c 00  |f --%%--  |d --%%--  |e --%%--  |j --%%--  |y l01  |z 11-11-16 
980 |2 2008  |1 01  |x DE-24  |b 3029636038  |c 00  |f --%%--  |d --%%--  |e --%%--  |j --%%--  |y l01  |z 24-10-18 
980 |2 2010  |1 01  |x DE-15  |b 3576248862  |c 00  |f --%%--  |d --%%--  |e --%%--  |j k  |g Bestand: . - Nachweis als Serie  |y z01  |z 17-01-20 
980 |2 2011  |1 01  |x DE-16  |b 2960521188  |c 00  |f --%%--  |d --%%--  |e --%%--  |j --%%--  |y l01  |z 20-03-17 
980 |2 2012  |1 01  |x DE-16-98  |b 2817235584  |c 00  |f --%%--  |d --%%--  |e --%%--  |j --%%--  |y l01  |z 09-10-14 
980 |2 2012  |1 12  |x DE-16-34  |b 2971022110  |c 00  |f --%%--  |d --%%--  |e --%%--  |j --%%--  |y l01  |z 06-06-17 
980 |2 2056  |1 01  |x DE-2491  |b 3036720200  |c 00  |f --%%--  |d --%%--  |e --%%--  |j --%%--  |y l01  |z 05-12-18 
984 |2 2011  |1 01  |x DE-16  |a 105257925 
984 |2 2012  |1 01  |x DE-16-98  |a 632910714 
984 |2 2012  |1 12  |x DE-16-34  |a 607928957 
995 |2 24  |1 01  |x 0008  |a gd 
995 |2 24  |1 02  |x 0008  |a gs 
995 |2 24  |1 03  |x 0008  |a gs